000 01204nam a2200349Ia 4500
003 OSt
005 20220912150716.0
006 a|||||r|||| 00| 0
007 ta
008 220909b |||||||| |||| 00| 0 eng d
020 _a8173662037 (pbk)
024 _a16810
037 _b32505, 20/12/2005, Shroff Publishers & Distributors Pvt Ltd
037 _cTextual
040 _aCSL
_beng
_cCSL
041 _aeng
082 _aD65,8(B)92XM, P1 TD
100 _aBirbeck Mark
245 0 _aProfessional XML
250 _a2
260 _aBerkeley
_bApres
_c2001
300 _axiii, 1269p.
_ccm.
500 _aIndex 1221-1268p.
_ccm.
650 _a XML
650 _aComputer science
700 _a Diamond Jason
700 _a Duckett Jon
700 _a Gudmundsson Oli Gauti
700 _a Kobak Pete
942 _hD65,8(B)92XM, P1 TD
_cTEXL
_2CC
999 _c53062
_d53062